Solve College Acronyms - Statistics

General Stats
  • This quiz has been taken 25 times
  • The average score is 4 of 5
Answer Stats
Hint Answer % Correct
LSU {Louisiana} {State} University
88%
BYU {Brigham} {Young} University
83%
USC University of {Southern} {California}
83%
UCLA University of {California} {Los} {Angeles}
79%
UCF University of {Central} {Florida}
75%
No matching quizzes found
Score Distribution
Percent of People with Each Score
Percentile by Number Answered
Your Score History
You have not taken this quiz